000 00466cam a22001217a 4500
008 180718b-- xxu||||| |||| 00| 0 eng d
082 _aL906x54112
245 _aReport of the Comptroller and Auditor General of India, Nagaland
260 _aKohima
_bComptroller and Auditor General of India
_c--
500 _aLibrary has 1991/92-2004/05, 2006/07-2007/08, 2010/11
650 _aAuditing - India - Nagaland
700 _aNagaland. Comptroller and Auditor General of India.
999 _c486000
_d486000